New Jersey Devils 2025-2026 Roster - Statistics

General Stats
  • This quiz has been taken 78 times
    31 since last reset
  • The average score is 15 of 25
Answer Stats
Jersey # Pos Player % Correct
86 C Jack Hughes
100%
43 D Luke Hughes
92%
13 C Nico Hischier
92%
34 G Jake Allen
85%
63 LW Jesper Bratt
85%
91 C Dawson Mercer
77%
7 D Dougie Hamilton
77%
25 G Jacob Markstrom
77%
71 D Jonas Siegenthaler
77%
17 D Simon Nemec
69%
81 RW Arseny Gritsyuk
62%
5 D Brenden Dillon
62%
28 RW Timo Meier
62%
22 D Brett Pesce
54%
12 C Cody Glass
54%
29 RW Lenni Hameenaho
46%
47 LW Paul Cotter
46%
16 RW Connor Brown
38%
8 D Johnathan Kovacevic
38%
42 RW Maxim Tsyplakov
38%
72 C Nick Bjugstad
38%
11 RW Stefan Noesen
38%
44 D Dennis Cholowski
31%
33 LW Evgenii Dadonov
31%
15 RW Zack MacEwen
23%
No matching quizzes found
Score Distribution
Percent of People with Each Score
Percentile by Number Answered
Your Score History
You have not taken this quiz since the last reset